LEADER 01109nam a2200253 i 4500 001 000000217781 003 CaOOAMICUS 005 20121219000000.0 008 121219s1934 it u000 u ita u 013 $a196678 040 $aSeMil$bita 100 1 $aSchnürer, Gustave.$0(OLS)http://semarc/name/10274 245 10$aSankt Kümmernis und Volto Santo :$bStudien und Bilder /$cvon Gustav Schnürer und Joseph M. Ritz. 260 $aDüsseldorf :$bL. Schwann,$c1934. 300 $aXV, 341 p., [1] c. di tav., LII p. di tav. ;$c30 cm . 490 0 $aForschungen zur Volkskunde 500 $aCopia n. 435. 650 4$aVolto santo.$0(OLS)http://semarc/subject/40368 700 1 $aRitz, Joseph Maria <1892-1960>.$0(OLS)http://semarc/name/60218 830 0$aForschungen zur Volkskunde.$0(OLS)http://semarc/title/37753 850 $aSeMil 852 $aSeMil$W1$xVenegono$y1$m3P V 14$j168195$B168195$CSeMilBibl$Z2$F179012 $81 996 $6245$aSankt Kümmernis und Volto Santo :$bStudien und Bilder$9(OLS)http://semarc/title/312851 996 $6260$aDüsseldorf :$bL. Schwann$9(OLS)http://semarc/publisher/31430 LEADER 01176nam a2200277 i 4500 001 000000114699 003 CaOOAMICUS 005 20030424000000.0 008 030424s1995 xxk u000 u eng u 013 $a87386 020 $a0-8028-0898-0 040 $aSeMil$bita 245 10$aReclaiming the Bible for the Church /$cedited by Carl E. Braaten and Robert W. Jenson. 260 $aGrand Rapids, Michigan ;$aCambridge, UK :$bEerdmans,$c1995. 300 $a137 p. ;$c23 cm. 500 $aFondo Card. C.M. Martini. 650 4$aBibbia - Atti di congressi.$0(OLS)http://semarc/subject/17280 700 1 $aJenson, Robert W.,$d<1930-2017>.$0(OLS)http://semarc/name/93045 700 1 $aBraaten, Carl E.,$d<1929- >.$0(OLS)http://semarc/name/30829 850 $aSeMil 852 $aSeMil$W1$xVenegono$y1$m2W IV 19$j70247$B70247$CSeMilBibl$Z2$F103637 $81 941 1 $a4 961 $aOmaggio: Martini Card. Carlo Maria 996 $6020$a0-8028-0898-0$9(OLS)http://semarc/number/98115 996 $6245$aReclaiming the Bible for the Church$9(OLS)http://semarc/title/167720 996 $6260$aGrand Rapids, Michigan ;$aCambridge, UK :$bEerdmans$9(OLS)http://semarc/publisher/32305